000 00571nam a2200205Ia 4500
003 GCL
008 140319s9999 xx 000 0 ara d
040 _aGCL /
_cGCL
082 0 4 _a882
_bى ا
100 1 _aبوريديد يس
245 1 0 _aالكترا /
_cبوريديد يس
700 1 _aكمال ممدوح (مترجم)
300 _a117 ص
490 _a
650 0 4 _aالادب اليونانى
650 0 4 _aالمسرح اليونانى
650 0 4 _aالمسرح الرومانى
650 0 4 _aالمسرحيات اليونانية
942 _2ddc
_cBK
999 _c38096
_d38096